| 000 | 00611nam a2200217Ia 4500 | ||
|---|---|---|---|
| 003 | OSt | ||
| 005 | 20241205112256.0 | ||
| 008 | 210329s9999||||xx |||||||||||||| ||und|| | ||
| 040 | _cSTCPL | ||
| 041 | _aHIN | ||
| 082 |
_aH4 _bNIR-D |
||
| 100 |
_aVarma, Nirmal _qनिर्मल वर्मा |
||
| 245 | 0 |
_aDoosare shabdon mein / _cby Nirmal Varma _hदूसरे शब्दों में |
|
| 260 |
_aNew Delhi : _bBharathiya Jnanpith , _c1997 . |
||
| 300 |
_a238 p. _bHB |
||
| 650 | _aHindi literature | ||
| 650 | _aHindi essays | ||
| 650 | _aReflective essays | ||
| 942 | _cBK | ||
| 942 | _2ddc | ||
| 999 |
_c44950 _d44950 |
||